Keď nahrali tiché gitarové sólo, z vtáka urobili rockovú hviezdu košické nahrávacie štúdiá sa môžu chváliť spoluprácou s viacerými hviezdami slovenskej populárnej hudby

Bibliographic Details
Main Author: Lemešani, Tomáš (Author)
Format: Article
Language:Slovak
PhysicalDescription:Obr.
ISSN:1336-5320
Subjects:

MARC

LEADER 00000nab a2200000 a 4500
001 vtls009182734
003 SK-MaSNL
005 20260303051541.0
008 080211 2008 xo r r 000 0 slo
038 |a KEVKJB 
040 |a KEVKJB  |b slo  |c KEVKJB  |e AACR2 
041 0 |a slo 
044 |a xo  |c SK 
080 |a 784.66  |2 2001 
080 |a 681.84  |2 2001 
100 1 |a Lemešani, Tomáš  |4 aut  |9 611933 
245 1 0 |a Keď nahrali tiché gitarové sólo, z vtáka urobili rockovú hviezdu  |b košické nahrávacie štúdiá sa môžu chváliť spoluprácou s viacerými hviezdami slovenskej populárnej hudby  |c Tomáš Lemešani 
300 |b Obr. 
650 0 7 |a nahrávacie štúdiá  |z Košice (Slovensko)  |2 kevkjb  |9 1041331 
650 0 7 |a populárna hudba  |x nahrávacie štúdiá  |z Košice (Slovensko)  |2 kevkjb  |9 1041332 
651 7 |a Košice (Slovensko)  |2 kevkjb  |9 18694 
773 0 |t Košický večer  |g Roč. 19(40), č. 6 (8.2.2008), s. 5  |x 1336-5320 
852 |a KEVKJB  |b KIS3GCP 
999 |c 1711938  |d 1713868